02243agaaa2200349 45000010005000000030009000050050017000140070009000310080040000400400023000800410013001031000055001161300052001712400022002232450181002452460015004262500022004412600118004633000033005815080115006145110075007295200531008045380016013355460013013516500061013647000067014257000068014927000062015609420012016229990019016349520240016539841IT-RoPAU20220918181250.0d cvaizq50131s9999||||xx ||| | || ||und|| aIT-RoPAUcIT-RoPAU aITALIANO aArdolino EmilegCodice regista SPICS: 10046948485 aSISTER ACT UNA SVITATA IN ABITO DA SUORA948486 aSISTER ACTgT2727 aSISTER ACT UNA SVITATA IN ABITO DA SUORAcProdotto da: Schwartz Teri Diretto da: Ardolino EmilepSISTER ACT UNA SVITATA IN ABITO DA SUORA (Rif. Codice opera principale : B9841) aSISTER ACT aEdizione Standard a(USA)bTOUCHSTONE PICTURES / Distribuzione: TOUCHSTONE HOME VIDEg"1992 (1° ed.: 1992 ; Ed. Lingua Orig.: 1992)" aVHSbsonoro, col.c96 minuti a"Fotografia: Greenberg Adam; Montaggio: Halsey Richard; Musica: Shaiman Marc; Scenografia: De Govia Jackson; " a"Goldberg Whoopi; Smith Maggie; Keitel Harvey; Nunn Bill; Wickes Mary" aTESTIMONE SCOMODA DI UN DELITTO DI MAFIA LA CANTANTE DI NIGHT DELORIS VAN CARTIER VIENE NASCOSTA DALLA POLIZIA IN UN CONVENTO. ED E' PROPRIO QUI CHE TRA LA SIMPATICA ESUBERANZA DELLA FINTA SUOR MARIA CLARETTA L'INDIMENTICABILE E TRAVOLGENTE MUSICA SOUL/ROCK DEL VECCHIO CORO DI SUORE DA LEI MIRABILMENTE DIRETTO ED I GANGSTER CHE LE DANNO UNA CACCIA SPIETATA - SI CREA UNO SCOMPIGLIO COLMO DI DIVERTENTISSIME E PROVOCATORIE SITUAZIONI CHE REGALERANNO AL PUBBLICO UN'ORA E MEZZA DI SPLENDIDO SPETTACOLO E RISATE. FILM A COLORI. aPAL, STEREO aITALIANO aCOMMEDIAeFILMS [VHS]xCodice MATERIA SPICS: 9960948487 aArdolino Emile e(regista)gCodice regista SPICS: 10046948488 aHoward Joseph e(soggetto)gCodice Soggetto SPICS: 10058948489 aShaiman Marce(musica)gCodice Musica SPICS: 35113948490 cVH2ddc c106740d106740 0010406B_9841_00000000000000071aSPICSbSPICSd2015-01-31l0oB9841r2015-01-31 00:00:00w2015-01-31yVHzProgr. Ins.: 299 / N.Vol.:1 / Copie: 1 / Pag.:0 / Copia rara: n.d. / date import: 1.2.2015 / By Epidotti, Trombetti, Vaglietti